Humedales y su fauna: reflexiones para el uso sostenible (Registro nro. 11872)

Detalles MARC
000 -CABECERA
Campo de control 006050000a22001570004500
090 ## - CLASIFICACIÓN LOCAL
Colección AR
Consecutivo 02812
041 0# - IDIOMA
Código de idioma para texto/pista de sonido o título separado
100 1# - ASIENTO PRINCIPAL--NOMBRE PERSONAL
Nombre personal Naranjo Henao, Luis Germán
245 10 - MENCION DE TITULO
Título Humedales y su fauna: reflexiones para el uso sostenible
650 14 - ASIENTO SECUNDARIO DE MATERIA - TERMINO TEMATICO
Término temático o nombre geográfico como elemento de entrada Usos sostenible
650 14 - ASIENTO SECUNDARIO DE MATERIA - TERMINO TEMATICO
Término temático o nombre geográfico como elemento de entrada Fauna
650 14 - ASIENTO SECUNDARIO DE MATERIA - TERMINO TEMATICO
Término temático o nombre geográfico como elemento de entrada Conservación de humedales
651 #4 - ASIENTO SECUNDARIO DE MATERIA - NOMBRE GEOGRAFICO
-- Colombia
773 1# - Item fuente:
Título Memorias Seminario: investigación y manejo de la fauna silvestre para el desarrollo del sistema sostenible de producción en el trópico ( Guadalajara de Buga 1994)
Especificación de materiales 1332
Paginas del Articulo 57-65
Lugar, editorial y fecha de publicación 1994
942 ## - ELEMENTOS ADICIONALES (KOHA)
Tipo de ítem Artículo
Existencias
Withdrawn status Lost status Damaged status No para préstamo Colección Ubicación Permanente Ubicación actual Fecha de adquisición Datos de publicación Seriada Total Checkouts Número topográfico Inventario / Código de Barras Date last seen Ejemplar Price effective from Forma de adquisición Tipo de material
      No para Préstamo Hemeroteca Bogotá Bogotá 27/02/2015 Fuera de circulación   AR 02812 013222 25/03/2015 1 25/03/2015   Artículo